| 000 | 02315cam a22005894i 4500 | ||
|---|---|---|---|
| 003 | PE-LiUPU | ||
| 005 | 20250731165449.0 | ||
| 008 | 170529s2016 ck r 000 0 spa d | ||
| 020 | _a958762601X | ||
| 020 | _a9789587626018 | ||
| 035 | _a(Sirsi) a204097 | ||
| 040 |
_aPE-LiUPU _bspa _cPE-LiUPU _erda |
||
| 049 | _aPRUA | ||
| 082 | 0 | 4 |
_a005.133 _bH56 _220 |
| 100 | 1 |
_aHinojosa Gutiérrez, Ángel Pablo, _eautor. |
|
| 245 | 1 | 0 |
_aPython : _bpaso a paso / _cÁngel Pablo Hinojosa Gutiérrez. |
| 264 | 1 |
_aColombia : _bEdiciones de la U, _c2016. |
|
| 300 |
_a229 páginas ; _c24 centímetros |
||
| 336 |
_atext _2rdacontent |
||
| 337 |
_aunmediated _2rdamedia |
||
| 338 |
_avolume _2rdacarrier |
||
| 504 | _aíndice : páginas 225-229. | ||
| 505 | 0 | _aLenguaje de programación -- Python -- Antes de empezar -- Comenzando a programar -- Trabajando con datos -- Estructuras de control -- Funciones -- Objetos y clases -- Módulos -- Tareas comunes. | |
| 526 | _aSEG44 | ||
| 526 | _aSEG26 | ||
| 526 | _aP151 | ||
| 526 | _aP150 | ||
| 526 | _aP149 | ||
| 526 | _aP146 | ||
| 526 | _aP145 | ||
| 526 | _aP126 | ||
| 526 | _aP125 | ||
| 526 | _aP92 | ||
| 526 | _aP75 | ||
| 526 | _aP74 | ||
| 526 | _aP27 | ||
| 526 | _aP15 | ||
| 541 | _g0020-0002446; | ||
| 541 | _g0001-0042355; | ||
| 650 | 0 | 4 | _aProgramación. |
| 650 | 0 | 4 | _aInformática. |
| 650 | 0 | 4 | _aLenguaje de programación. |
| 650 | 0 | 4 | _aPYTHON. |
| 910 |
_ajck _bncf _cncf _d20170529 |
||
| 910 |
_adbm _bmarg _cmarg _d20180119 |
||
| 942 |
_2ddc _cBOOK |
||
| 949 |
_a005.133 H56 _wDEWEY _c1 _i75801 _lCCODEBUL1 _mBUL _p19.54 _r0 _sY _tBOOK _u2017-05-29 _xINGENIERIA _PP27 _0COMPRA _o.STAFF. Colección Ingeniería y Arquitectura |
||
| 994 |
_aC0 _bPEPRU |
||
| 596 | _a1 | ||
| 999 |
_a005.133 H56 _wDEWEY _c20473 _i75801 _d20473 _e2019-6-16 _f2021-11-9 _g4 _lCCODEBUL1 _mBUL _n5 _p19.54 _q1 _r0 _sY _tBOOK _u2017-5-29 _xINGENIERIA _PP27 _0COMPRA _o.STAFF. Colección Ingeniería y Aquitectura |
||
| 999 |
_a005.133 H56 _wDEWEY _c2 _i78181 _d2019-6-10 _e2019-6-6 _f2021-11-9 _g4 _lCCODEBUL1 _mBUL _n5 _p19.60 _r0 _sY _tBOOK _u2018-1-19 _xINGENIERIA _PP27 _0COMPRA _o.STAFF. Colección Ingeniería y Arquitectura |
||
| 980 |
_81 _gALBERTO SANCHEZ Responsable de Automatización |
||